Statistics with STATA : Updated for version 9
Guardat en:
| Autor principal: | |
|---|---|
| Format: | Llibre |
| Idioma: | Undetermined |
| Publicat: |
Belmont, CA.
Thomson/BrooksCole
2005
|
| Matèries: | |
| Etiquetes: |
Afegir etiqueta
Sense etiquetes, Sigues el primer a etiquetar aquest registre!
|
| Thư viện lưu trữ: | Trung tâm Học liệu Trường Đại học Cần Thơ |
|---|
| LEADER | 00592nam a2200217Ia 4500 | ||
|---|---|---|---|
| 001 | CTU_122347 | ||
| 008 | 210402s9999 xx 000 0 und d | ||
| 020 | |c 68.95 | ||
| 082 | |a 519.50285 | ||
| 082 | |b H218 | ||
| 100 | |a Hamilton, Lawrence C. | ||
| 245 | 0 | |a Statistics with STATA : | |
| 245 | 0 | |b Updated for version 9 | |
| 245 | 0 | |c Lawrence C. Hamilton | |
| 260 | |a Belmont, CA. | ||
| 260 | |b Thomson/BrooksCole | ||
| 260 | |c 2005 | ||
| 650 | |a Mathematical statistics,Stata | ||
| 650 | |x Data processing. | ||
| 904 | |i Minh | ||
| 980 | |a Trung tâm Học liệu Trường Đại học Cần Thơ | ||